Pokračovanie výskumu v Hôrke-Ondreji

Bibliographic Details
Main Author: Kaminská, Ľubomíra, 1954- (Author)
Format: Article
Language:Slovak
PhysicalDescription:Res. nem., rus.
Subjects:

MARC

LEADER 00000nab a2200000 a 4500
001 vtls000463119
003 SK-MaSNL
005 20260304023750.0
008 230120c1990 xo 0 slo
015 |a SNBRA19rr/mm-uuuuu 
035 |a CL0463252 
035 |a urn:nbn:sk:snk-abazm 
035 |a (urnnbn)urn:nbn:sk:snk:ar-a04djp 
035 |a (uuid)0da7a834-8622-48ed-9c3e-5e959b74c75f 
040 |a SNKBUCL  |b slo  |c SNKBUCL  |e AACR2 
041 0 |a slo 
044 |a xo  |c SK 
080 |a 903.4"6323":902  |2 1981 
080 |a 902  |2 1981 
100 1 |a Kaminská, Ľubomíra,  |d 1954-  |4 aut  |9 85818 
245 1 0 |a Pokračovanie výskumu v Hôrke-Ondreji  |c Ľubomíra Kaminská 
300 |b Res. nem., rus. 
650 0 7 |a sídliská  |2 snkbucl  |9 26585 
650 0 7 |a stredný paleolit  |2 snkbucl  |9 240158 
650 0 7 |a archeologické nálezy  |2 snkbucl  |9 4975 
650 0 7 |a Hôrka-Ondrej (Slovensko)  |2 snkbucl  |9 1130663 
655 7 |a články zo zborníkov  |2 snkbucl  |9 166140 
773 0 |t Archeologické výskumy a nálezy na Slovensku v roku 1988  |d Nitra : AÚ SAV, 1990  |g S. 91 
850 |a Slovenská národná knižnica v Martine  |a MTA001 
852 |a SNK  |b KIS3GCP 
954 |a odborná, vedecká literatúra pôvodná (slovenská)  |2 lita 
957 |a 5406 
958 |a RK 
958 |a OND 
958 |a EUIPO 
958 |a article27 
992 |a RZB 
999 |c 2618263  |d 2620193